000 00273nam a2200121 a 4500
008 101208s1982|||| d
100 1 _aHolló, D.
245 1 0 _aPříručka filmaře amatéra
260 _bSNTL
_aPraha
_c1982
020 _c45
041 _aces
044 _aCZ
999 _c13947
_d13947